000 01010nab a2200253 i 4500
001 193677
003 ES-MaACL
005 20250810063057.0
007 t|
008 240205s1993 sp ||||1| spa d
040 _aES-MaACL
_bspa
100 1 _aMiravalls, Antonio,
_d1965-
_eaut
_9235040
245 1 3 _aEl ratón de la Biblioteca :
_bAteneo de Madrid /
_cAntonio Miravalls
260 _a[Madrid] :
_bPC Week,
_c1993
300 _a2 páginas :
_b2 ilustraciones (color) ;
_c36 cm
500 _aFotocopia del artículo de Antonio Miravalls sobre la Biblioteca del Ateneo de Madrid, publicado en "PC week", 11 de enero de 1993, n. 162
599 _aCon fotografía de María José Albo Álvarez, entonces directora de la Biblioteca del Ateneo de Madrid
600 1 4 _aAlbo Álvarez, María José
_919404
610 2 4 _91951
_aAteneo de Madrid.
_bBiblioteca
852 4 _aES-MaACL
_cDEPOF
_j2347-F-46
_9201199
942 _2udc
_cANAB
_n0
999 _c193677
_d193677